| 000 | 00790cam a22002292 4500 | ||
|---|---|---|---|
| 001 | 0000001541 | ||
| 005 | 20151217151820.0 | ||
| 008 | 070314s xx 000 0 eng d | ||
| 020 | _a9291461490 : | ||
| 040 |
_aKABU _cKABU |
||
| 050 | 0 |
_aHC865 _b.Z9P6G46 |
|
| 245 | 1 | 0 |
_aGeographic dimensions of well-being in Kenya / _cGodfrey Ndenge ... [et al] |
| 260 |
_aNairobi : _bCBS, _c2003. |
||
| 300 | _a2 v. | ||
| 505 | 8 | _aV. I Where are the poor? from districts to locations - V. II Who and where are the poor? a constituency level profile. | |
| 650 | 0 |
_aPoor _zKenya. _@0000160790 |
|
| 700 | 1 |
_aNdenge, Godfrey K. _@0000160923 |
|
| 908 | _a070314 | ||
| 950 | _@1 | ||
| 999 |
_c5305 _d5305 |
||